00345nam a2200121Ia 4500008004100000020001800041100001800059245005200077260002000129440001600149650001700165856004100182171212s9999 xx 000 0 und d a9781910634639 aWang, Xinyuan cWang, XinyuanaSocial Media in Industrial China bUCL Pressc2016 aWhy We Post aAnthropology uhttp://jstor.org/stable/j.ctt1g69xtj